000 00460pab a2200181 454500
008 180718b2005 xxu||||| |||| 00| 0 eng d
100 _asundar, I.
245 _aTrends in juvenile delinquency in India
260 _c2005
300 _ap.2632.
362 _aJan
650 _aSocial problems - India
650 _aCrime - India
650 _aJuvenile delinquency - India
650 _aJuvenile delinquency
773 _aSocial Welfare
909 _a63624
999 _c63624
_d63624